01016cam a22002654a 450000100090000000300050000900500170001400800410003101000170007202000150008903500230010404000350012704200080016205000210017008200170019110000520020824500940026025000120035426000370036630000350040350400670043850501630050565000380066865000440070614035732Nust20170105101226.0050713s2006 maua b 001 0 eng  a 2005051336 a0205457932 a(OCoLC)ocm61131868 aDLCcDLCdBAKERdC#PdOUBdDLC apcc00aHM571b.N48 200600a301/.0722221 aNeuman, W. Lawrenceq(William Lawrence),d1950-10aSocial research methods :bqualitative and quantitative approaches /cW. Lawrence Neuman. a6th ed. aBoston :bPearson/AandB,cc2006. aviii, 592 p. :bill. ;c24 cm. aIncludes bibliographical references (p. 548-583 ) and indexes.0 aFoundations -- Planning and preparation -- Quantitative data collection and analysis -- Qualitative data collection and analysis -- Communicating with others. 0aSociologyxResearchxMethodology. 0aSocial sciencesxResearchxMethodology.